[Event "SVK-chT3B2 1920"]
[Site "Slovakia"]
[Date "2020.01.19"]
[Round "6.5"]
[White "Kothaj, Peter"]
[Black "Sedlacek, Ondrej"]
[Result "1-0"]
[WhiteElo "1780"]
[BlackElo "1798"]
[PlyCount "65"]
[EventDate "2019.10.06"]
[EventType "team-tourn"]
[EventRounds "11"]
[EventCountry "SVK"]
[SourceTitle "CBM 195 Extra"]
[Source "ChessBase"]
[SourceDate "2020.05.31"]
[SourceVersion "1"]
[SourceVersionDate "2020.05.31"]
[SourceQuality "1"]
[WhiteTeam "Handlova"]
[BlackTeam "Trencin II"]
[WhiteTeamCountry "SVK"]
[BlackTeamCountry "SVK"]

1. e4 c5 2. c3 e6 3. d4 cxd4 4. cxd4 d5 5. e5 Nc6 6. Nf3 Bb4+ 7. Nc3 Qb6 8. a3 Bxc3+ 9. bxc3 Nge7 10. Bd3 Bd7 11. Rb1 Qc7 12. Ng5 Na5 13. Bd2 h6 14. Qh5 g6 15. Qh4 Nf5 16. Bxf5 exf5 17. Nxf7 Rh7 18. Nd6+ Kf8 19. Qf6+ Kg8 20. 0-0 Rf8 21. Qxg6+ Rg7 22. Qxh6 f4 23. Bxf4 Qxc3 24. Be3 Qd3 25. Nxb7 Rg6 26. Nc5 Qf5 27. Qh4 Qf3 28. g3 Bf5 29. h3 Rc8 30. Rb5 Rxc5 31. Rxc5 Be4 32. Rc8+ Kf7 33. Qf4+ 1-0

[Event "SVK-chT3B2 1819"]
[Site "Slovakia"]
[Date "2019.03.24"]
[Round "10.4"]
[White "Sedlacek, Ondrej"]
[Black "Kothaj, Peter"]
[Result "1-0"]
[WhiteElo "1885"]
[BlackElo "1790"]
[PlyCount "65"]
[EventDate "2018.10.21"]
[EventType "team-tourn"]
[EventRounds "11"]
[EventCountry "SVK"]
[SourceTitle "CBM 189 Extra"]
[Source "ChessBase"]
[SourceDate "2019.06.03"]
[SourceVersion "1"]
[SourceVersionDate "2019.06.03"]
[SourceQuality "1"]
[WhiteTeam "Trencin "]
[BlackTeam "Handlova"]
[WhiteTeamCountry "SVK"]
[BlackTeamCountry "SVK"]

1. d4 Nf6 2. c4 e5 3. dxe5 Ng4 4. Nf3 Bc5 5. e3 Nc6 6. Be2 Ngxe5 7. Nc3 d6 8. a3 Be6 9. b3 0-0 10. Bb2 a5 11. Ne4 Ba7 12. Nd4 Bd7 13. Ng3 Nxd4 14. exd4 Ng6 15. 0-0 d5 16. Bf3 dxc4 17. bxc4 c6 18. Qc2 Qh4 19. Rad1 Rac8 20. Qe4 f5 21. Qc2 b5 22. Qc3 Bb8 23. Qxa5 bxc4 24. Qc5 Be6 25. Rfe1 Nf4 26. Rxe6 Nxe6 27. Qxc4 Qh6 28. Re1 Rfe8 29. Bxc6 Kh8 30. d5 f4 31. Nf5 Qg6 32. Nh4 Qh5 33. Nf3 1-0

[Event "SVK-chT3B2 1718"]
[Site "Slovakia"]
[Date "2017.11.19"]
[Round "4.5"]
[White "Tomko, Michal"]
[Black "Kothaj, Peter"]
[Result "1/2-1/2"]
[WhiteElo "1750"]
[BlackElo "1787"]
[PlyCount "77"]
[EventDate "2017.10.08"]
[EventType "team-tourn"]
[EventRounds "11"]
[EventCountry "SVK"]
[SourceTitle "EXT 2019"]
[Source "ChessBase"]
[SourceDate "2018.10.10"]
[SourceVersion "1"]
[SourceVersionDate "2018.10.10"]
[SourceQuality "1"]
[WhiteTeam "Dubnica nad Vahom III"]
[BlackTeam "Handlova"]
[WhiteTeamCountry "SVK"]
[BlackTeamCountry "SVK"]

1. e4 e5 2. Nf3 Nc6 3. Bb5 a6 4. Bxc6 bxc6 5. d3 d6 6. h3 Nf6 7. Be3 Be7 8. Nbd2 Rb8 9. b3 Be6 10. 0-0 0-0 11. Ng5 Qd7 12. f4 h6 13. Nxe6 Qxe6 14. f5 Qd7 15. Nc4 Nh7 16. Rf3 Bg5 17. Qd2 f6 18. Qc3 d5 19. Na5 Bxe3+ 20. Rxe3 Rb6 21. b4 Rf7 22. Re2 Nf8 23. Nb3 Qd6 24. a3 Nd7 25. Qe1 c5 26. c3 cxb4 27. axb4 c5 28. Ra5 Rb5 29. bxc5 Nxc5 30. Rxb5 axb5 31. Nxc5 Qxc5+ 32. Kh2 d4 33. Rc2 b4 34. c4 b3 35. Rb2 Qa3 36. Qc1 Rb7 37. Kg3 Qb4 38. Kf3 Qc3 39. Qb1 1/2-1/2

[Event "SVK-chT3B2 1617"]
[Site "Slovakia"]
[Date "2016.12.18"]
[Round "5.1"]
[White "Kothaj, Peter"]
[Black "Marko, Anton"]
[Result "0-1"]
[WhiteElo "1795"]
[BlackElo "2080"]
[PlyCount "48"]
[EventDate "2016.10.16"]
[EventType "team-tourn"]
[EventRounds "11"]
[EventCountry "SVK"]
[SourceTitle "EXT 2018"]
[Source "ChessBase"]
[SourceDate "2017.10.13"]
[SourceVersion "1"]
[SourceVersionDate "2017.10.13"]
[SourceQuality "1"]
[WhiteTeam "Handlova"]
[BlackTeam "Chynorany"]
[WhiteTeamCountry "SVK"]
[BlackTeamCountry "SVK"]

1. g4 d5 2. Bg2 Bxg4 3. c4 c6 4. cxd5 cxd5 5. Qb3 Nf6 6. Qxb7 Nbd7 7. Bxd5 Rb8 8. Bxf7+ Kxf7 9. Qxa7 e5 10. Qa4 Bc5 11. f3 Be6 12. Nc3 Qb6 13. e3 Bb4 14. Nge2 Nc5 15. Qc2 Qa6 16. d4 Nd3+ 17. Kf1 exd4 18. exd4 Rhf8 19. Kg2 Kg8 20. Rd1 Bf5 21. Qa4 Qb7 22. a3 Bh3+ 23. Kxh3 Qxf3+ 24. Ng3 Nf2+ 0-1

[Event "SVK-chT3B2 1516"]
[Site "Slovakia"]
[Date "2015.10.11"]
[Round "1.6"]
[White "Bielik, Jakub"]
[Black "Kothaj, Peter"]
[Result "0-1"]
[WhiteElo "1584"]
[BlackElo "1812"]
[PlyCount "102"]
[EventDate "2015.10.11"]
[EventType "team-tourn"]
[EventRounds "11"]
[EventCountry "SVK"]
[SourceTitle "CBM 170 Extra"]
[Source "ChessBase"]
[SourceDate "2016.02.25"]
[SourceVersion "1"]
[SourceVersionDate "2016.02.25"]
[SourceQuality "1"]
[WhiteTeam "Povazske Podhradie"]
[BlackTeam "Handlova"]
[WhiteTeamCountry "SVK"]
[BlackTeamCountry "SVK"]

1. e4 Nc6 2. d4 d5 3. Nc3 Nf6 4. e5 Ne4 5. Nxe4 dxe4 6. c3 Bf5 7. Bb5 Bd7 8. Ne2 a6 9. Ba4 f5 10. Bb3 e6 11. Nf4 Qe7 12. Qh5+ Qf7 13. Qxf7+ Kxf7 14. d5 exd5 15. Nxd5 Na5 16. Nxc7+ Nxb3 17. axb3 Rc8 18. Nd5 Be6 19. Ne3 f4 20. Nc4 g5 21. Nd2 Bd5 22. c4 Bc6 23. 0-0 Re8 24. Nb1 Rxe5 25. Nc3 Bc5 26. Na4 Ba7 27. Bd2 Rhe8 28. h4 h6 29. Nc3 Kg6 30. Ne2 e3 31. fxe3 Bxe3+ 32. Bxe3 Rxe3 33. Nc3 Rg3 34. Rf2 f3 35. Nd5 fxg2 36. h5+ Kg7 37. b4 Re5 38. Rd1 b5 39. Nb6 bxc4 40. Kh2 Rg4 41. Nd7 Rh4+ 42. Kg3 Re3+ 43. Rf3 Rxf3+ 44. Kxg2 Rd3+ 45. Kf2 Rxd1 46. b5 Bxd7 47. b3 cxb3 48. Kg2 Bh3+ 49. Kh2 Rc4 50. b6 Rd2+ 51. Kxh3 Rd3+ 0-1

[Event "SVK-chT3B2 1415"]
[Site "Slovakia"]
[Date "2015.04.26"]
[Round "10.2"]
[White "Kothaj, Peter"]
[Black "Malinovsky, Jozef"]
[Result "1/2-1/2"]
[WhiteElo "1766"]
[BlackElo "1809"]
[PlyCount "33"]
[EventDate "2014.10.05"]
[EventType "team-tourn"]
[EventRounds "14"]
[EventCountry "SVK"]
[SourceTitle "EXT 2019"]
[Source "ChessBase"]
[SourceDate "2018.10.10"]
[SourceVersion "1"]
[SourceVersionDate "2018.10.10"]
[SourceQuality "1"]

1. e4 e5 2. Nf3 Nc6 3. Bb5 a6 4. Ba4 Nf6 5. 0-0 Nxe4 6. d4 b5 7. Bb3 d5 8. dxe5 Be6 9. c3 Be7 10. Be3 0-0 11. Nbd2 Nxd2 12. Qxd2 Na5 13. Bc2 Nc4 14. Qd3 g6 15. Bh6 Re8 16. Nd4 Nxe5 17. Nxe6 1/2-1/2

[Event "SVK-chT3B2 1314"]
[Site "Slovakia"]
[Date "2013.10.13"]
[Round "1.1"]
[White "Bielik, Peter"]
[Black "Kothaj, Peter"]
[Result "1-0"]
[WhiteElo "1915"]
[BlackElo "1747"]
[PlyCount "73"]
[EventDate "2013.10.13"]
[EventType "team-tourn"]
[EventRounds "14"]
[EventCountry "SVK"]
[SourceTitle "EXT 2015"]
[Source "ChessBase"]
[SourceDate "2014.11.20"]
[SourceVersion "1"]
[SourceVersionDate "2014.11.20"]
[SourceQuality "1"]
[WhiteTeam "Povazske Podhradie SK"]
[BlackTeam "Handlova"]
[WhiteTeamCountry "SVK"]
[BlackTeamCountry "SVK"]

1. d4 Nf6 2. c4 e5 3. dxe5 Ng4 4. e6 Qf6 5. exf7+ Kxf7 6. Qd5+ Qe6 7. Qxe6+ dxe6 8. Nf3 Bb4+ 9. Bd2 Nc6 10. a3 Bc5 11. e3 a5 12. Be2 Rf8 13. Ng5+ Kg6 14. Bxg4 Kxg5 15. Bf3 Ne5 16. h4+ Kg6 17. Be4+ Kf7 18. Nc3 Nxc4 19. 0-0-0 Nxd2 20. Rxd2 Kg8 21. Rhd1 Be7 22. f4 c6 23. g4 e5 24. fxe5 Bxg4 25. Rg1 Bf5 26. Rdg2 g6 27. h5 g5 28. Rxg5+ Bxg5 29. Rxg5+ Kh8 30. Rxf5 Kg7 31. Ne2 Rxf5 32. Bxf5 Re8 33. e6 Kf6 34. Bxh7 Rxe6 35. e4 Kg5 36. Bg6 Rf6 37. Kd2 1-0

[Event "SVK-chT3B2 1213"]
[Site "Slovakia"]
[Date "2012.11.25"]
[Round "3.7"]
[White "Gallo, Dominik"]
[Black "Kothaj, Peter"]
[Result "0-1"]
[WhiteElo "1470"]
[BlackElo "1625"]
[PlyCount "86"]
[EventDate "2012.10.28"]
[EventType "team-tourn"]
[EventRounds "14"]
[EventCountry "SVK"]
[SourceTitle "EXT 2022"]
[Source "ChessBase"]
[SourceDate "2021.10.06"]
[SourceVersion "1"]
[SourceVersionDate "2021.10.06"]
[SourceQuality "1"]
[WhiteTeam "Trencin PK III"]
[BlackTeam "Handlova"]
[WhiteTeamCountry "SVK"]
[BlackTeamCountry "SVK"]

1. e4 d5 2. exd5 Qxd5 3. Nc3 Qd6 4. Nf3 Nf6 5. d4 c6 6. Be2 Bf5 7. Bg5 Nbd7 8. Bh4 Qb4 9. Qd2 Qxb2 10. Rb1 Qxc2 11. Qxc2 Bxc2 12. Rxb7 Nd5 13. Nxd5 cxd5 14. Kd2 Ba4 15. Rc1 e6 16. Rxa7 Nb6 17. Rxa8+ Nxa8 18. Rc8+ Kd7 19. Rxa8 Bb4+ 20. Ke3 Rxa8 21. Ne5+ Ke8 22. Bh5 g6 23. Be2 Be7 24. Bxe7 Kxe7 25. Nd3 Bb5 26. Nb4 Bxe2 27. Kxe2 Ra4 28. Nd3 Rxa2+ 29. Ke3 f6 30. g4 Kd6 31. h4 e5 32. g5 exd4+ 33. Kxd4 f5 34. f4 Ra4+ 35. Ke3 d4+ 36. Ke2 Ra2+ 37. Kf3 Rh2 38. Nf2 Rxh4 39. Kg3 Rh5 40. Kf3 Kd5 41. Nd3 Rh3+ 42. Ke2 Re3+ 43. Kd2 Ke4 0-1